Discursos del Excmo. Sr. D. Francisco Silvela pronunciados en el Congreso de los Diputados los días 30 de abril, 5 y 7 de mayo de 1898 con motivo de la guerra con los Estados Unidos. (Record no. 165384)

MARC details
000 -LEADER
campo de control de longitud fija 00961nam a2200205 i 4500
001 - NÚMERO DE CONTROL
campo de control 165384
003 - IDENTIFICADOR DE NÚMERO DE CONTROL
campo de control ES-MaACL
005 - FECHA Y HORA DE LA ÚLTIMA TRANSACCIÓN
campo de control 20250830222954.0
008 - DATOS DE LONGITUD FIJA--INFORMACIÓN GENERAL
campo de control de longitud fija 931025s1898 sp |||| | spa d
080 ## - NÚMERO DE LA CLASIFICACIÓN DECIMAL UNIVERSAL
Número de la Clasificación Decimal Universal 94(460)"1898"
100 1# - ENTRADA PRINCIPAL--NOMBRE DE PERSONA
Nombre de persona Silvela, Francisco,
Fechas asociadas al nombre 1845-1905
9 (RLIN) 106425
245 10 - MENCIÓN DEL TÍTULO
Título Discursos del Excmo. Sr. D. Francisco Silvela pronunciados en el Congreso de los Diputados los días 30 de abril, 5 y 7 de mayo de 1898 con motivo de la guerra con los Estados Unidos.
260 ## - PUBLICACIÓN, DISTRIBUCIÓN, ETC.
Lugar de publicación, distribución, etc. Madrid :
Nombre del editor, distribuidor, etc. [s.n.],
Fecha de publicación, distribución, etc. 1898 (
Fabricante Imp., Fund. y Fáb. de tintas de los Hijos de J.A. García)
300 ## - DESCRIPCIÓN FÍSICA
Extensión 48 p. ;
Dimensiones 19 cm.
530 ## - NOTA DISPONIBLE DE FORMULARIO FÍSICO ADICIONAL
Nota de formato físico adicional disponible Disponible también en sitio web.
650 04 - PUNTO DE ACCESO ADICIONAL DE MATERIA--TÉRMINO DE MATERIA
Término de materia o nombre geográfico como elemento de entrada Guerra hispano-americana, 1898
9 (RLIN) 13207
852 ## - LOCALIZACIÓN
Ubicación ES-MaACL
Número de control de estantería L-4902(9-3)
Nota libre -- Enc. hol.
-- -- Donativo Roda
856 ## - LOCALIZACIÓN Y ACCESO ELECTRÓNICOS
Identificador Uniforme de Recursos <a href="http://bibliotecadigitalhispanica.bne.es:80/webclient/DeliveryManager?pid=1885759&custom_att_2=simple_viewer">http://bibliotecadigitalhispanica.bne.es:80/webclient/DeliveryManager?pid=1885759&custom_att_2=simple_viewer</a>
Nota pública Ir a la página
Holdings
Estatus retirado Estado de pérdida Estado de daño No para préstamo Colección Biblioteca de origen Biblioteca actual Ubicación en estantería Fecha de adquisición Total de préstamos Signatura topográfica completa Código de barras Visto por última vez Precio de reemplazo Tipo de ítem Koha
        Colección digital Biblioteca del Ateneo de Madrid Biblioteca del Ateneo de Madrid Depósito 2 17/01/2008   L-4902(9-3) 1173427 23/02/2023 23/02/2023 Libro impreso antiguo